Realitats i ficcions del batxillerat d'arts escèniques : Maria Ferràndiz Tarruell Maria Ferràndiz Tarruell
Descripción Física:
1 targeta postal ; il. col. ; 11 x 15 cm.
Colección:
Dansa - Factoria IT 17/18
Idioma:
Catalán
MARC
| LEADER | 00000nkm a22000007a 4500 | ||
|---|---|---|---|
| 001 | 27260 | ||
| 003 | Arxiu | ||
| 005 | 20260324181150.0 | ||
| 008 | 230116b spa||||| |||| 00| 0 cat d | ||
| 017 | |a B 17834-2018 | ||
| 040 | |a agdb |b cat | ||
| 245 | |a Realitats i ficcions del batxillerat d'arts escèniques : |b Maria Ferràndiz Tarruell | ||
| 260 | |a Barcelona : |b Institut del Teatre ; |c 2018 | ||
| 300 | |a 1 targeta postal ; |b il. col. ; |c 11 x 15 cm. | ||
| 490 | |a Dansa - Factoria IT 17/18 | ||
| 500 | |a Targeta postal de la presentació de l'estudi "Realitats i ficcions del batxillerat d'arts escèniques" realitzada el dia 18 de juliol de 2018, a l'aula P3.S1 de l'Institut del Teatre. | ||
| 650 | 0 | |2 Arxiu |a Teatre |x Estudi de casos | |
| 655 | 0 | |9 52685 |a Targetes postals | |
| 710 | 1 | |9 52662 |a Institut del Teatre (Barcelona, Catalunya) | |
| 942 | |2 udc |c ARXIU |n 1 | ||
| 952 | |0 0 |1 0 |2 udc |4 0 |6 NBM16180 |7 1 |9 65032 |a Arxiu |b Arxiu |d 2023-01-16 |l 0 |o NBM-16-180 |p 27260 |r 2023-01-16 00:00:00 |w 2023-01-16 |y ARXIU | ||
| 999 | |c 82962 |d 82962 | ||